[Event "SLO-chT2 East"]
[Site "Slovenia"]
[Date "2017.10.21"]
[Round "5"]
[White "Husar, Matjaz"]
[Black "Zajdela, Karel"]
[Result "0-1"]
[WhiteElo "1671"]
[BlackElo "1937"]
[PlyCount "94"]
[EventDate "2017.09.30"]
[EventType "team-tourn"]
[EventRounds "9"]
[EventCountry "SLO"]
[SourceTitle "EXT 2019"]
[Source "ChessBase"]
[SourceDate "2018.10.10"]
[SourceVersion "1"]
[SourceVersionDate "2018.10.10"]
[SourceQuality "1"]

1. d4 Nf6 2. c4 g6 3. Nf3 Bg7 4. Nc3 0-0 5. e4 d6 6. Bg5 c6 7. Bd3 a6 8. 0-0 b5 9. Rc1 b4 10. Na4 Bg4 11. b3 Nbd7 12. h3 Bxf3 13. Qxf3 e5 14. d5 c5 15. Bb1 h6 16. Bxf6 Bxf6 17. Nb2 Bg5 18. Rcd1 Nf6 19. g3 Nh5 20. Kg2 Ra7 21. h4 Be7 22. Rh1 Ng7 23. Qe3 Kh7 24. Nd3 Bf6 25. Rh3 a5 26. Rdh1 a4 27. g4 axb3 28. axb3 Be7 29. Ne1 Rg8 30. Nf3 Rh8 31. Ne1 Ra3 32. Nc2 Ra7 33. Ne1 Kg8 34. f4 exf4 35. Qxf4 Ne8 36. Nf3 Ra3 37. e5 Rxb3 38. Rf1 Rh7 39. h5 g5 40. Qf5 Rg7 41. Nxg5 Rb2+ 42. Kh1 Bxg5 43. Rhf3 dxe5 44. Qxe5 Rxb1 45. Rxb1 Nd6 46. Rbf1 Nxc4 47. Qe2 Nd2 0-1

[Event "SLO-chT2 East"]
[Site "Slovenia"]
[Date "2016.09.24"]
[Round "1"]
[White "Ahmatovic, Hilmija"]
[Black "Zajdela, Karel"]
[Result "0-1"]
[WhiteElo "1937"]
[BlackElo "1870"]
[PlyCount "160"]
[EventDate "2016.09.24"]
[EventType "team-tourn"]
[EventRounds "9"]
[EventCountry "SLO"]
[SourceTitle "EXT 2019"]
[Source "ChessBase"]
[SourceDate "2018.10.10"]
[SourceVersion "1"]
[SourceVersionDate "2018.10.10"]
[SourceQuality "1"]
[WhiteTeam "Krsko Triglav II"]
[BlackTeam "Ptuj II"]
[WhiteTeamCountry "SLO"]
[BlackTeamCountry "SLO"]

1. d4 Nf6 2. c4 e6 3. Nc3 c5 4. d5 d6 5. e4 Be7 6. Bd3 e5 7. Nge2 Bg4 8. 0-0 0-0 9. Qb3 b6 10. f4 Bxe2 11. Bxe2 exf4 12. Bxf4 Nbd7 13. Rae1 Ne5 14. Bxe5 dxe5 15. Bd1 Ne8 16. Ne2 Nd6 17. Ng3 Bh4 18. Rf3 Qg5 19. Qc3 Rac8 20. Bc2 g6 21. Ref1 Qe7 22. Ne2 Bg5 23. b3 f6 24. g3 h5 25. Kg2 Kg7 26. h4 Bh6 27. Ng1 Rf7 28. Nh3 Rcf8 29. Re1 g5 30. hxg5 fxg5 31. Ng1 g4 32. Rff1 Qg5 33. Qd3 Rxf1 34. Rxf1 Rxf1 35. Kxf1 Qc1+ 36. Kg2 Qd2+ 37. Qxd2 Bxd2 38. Kf2 Kf6 39. Ne2 Kg5 40. a3 a6 41. a4 Kg6 42. Bd3 Kf6 43. Ng1 Nf7 44. Bf1 Ng5 45. Bg2 Ke7 46. Kf1 Bb4 47. Ne2 Bd2 48. Ng1 Kd7 49. Kf2 Kc7 50. Ke2 Bc3 51. Kf1 b5 52. axb5 axb5 53. Ke2 bxc4 54. bxc4 Kb6 55. Kd3 Be1 56. Ne2 Ka5 57. Bh1 Nf7 58. Nf4 h4 59. Ne6 Bxg3 60. Nxc5 Bf2 61. Nb3+ Kb4 62. Na1 h3 63. Nc2+ Kc5 64. Ke2 g3 65. Kf1 Kxc4 66. Na3+ Kc5 67. Nc2 Nd6 68. Bf3 Kc4 69. Bg4 Nxe4 70. Bxh3 Nd6 71. Bg2 e4 72. Ke2 Kxd5 73. Ne3+ Kd4 74. Nc2+ Ke5 75. Ne3 Bxe3 76. Kxe3 Nf5+ 77. Ke2 Kf4 78. Bh3 Nh4 79. Bc8 g2 80. Kf2 e3+ 0-1

[Event "Ptuj op 10"]
[Site "Ptuj"]
[Date "2015.10.31"]
[Round "9"]
[White "Zajdela, Karel"]
[Black "Skuhala, Jernej"]
[Result "0-1"]
[WhiteElo "1827"]
[BlackElo "2147"]
[PlyCount "72"]
[EventDate "2015.10.24"]
[EventType "swiss"]
[EventRounds "9"]
[EventCountry "SLO"]
[SourceTitle "CBM 169 Extra"]
[Source "ChessBase"]
[SourceDate "2015.12.18"]
[SourceVersion "1"]
[SourceVersionDate "2015.12.18"]
[SourceQuality "1"]

1. e4 c5 2. Nf3 d6 3. Bb5+ Bd7 4. Qe2 Nc6 5. c3 a6 6. Ba4 e6 7. 0-0 Be7 8. d4 cxd4 9. cxd4 d5 10. exd5 exd5 11. Nc3 Nf6 12. Re1 b5 13. Bb3 Bg4 14. Be3 0-0 15. a3 Re8 16. Bc2 b4 17. Na2 Bd6 18. Qd3 Bxf3 19. gxf3 b3 20. Bxb3 Nh5 21. Qf5 Qh4 22. h3 Re6 23. Bxd5 Ne7 24. Bg5 Bh2+ 25. Kf1 Qxd4 26. Bxe7 Ng3+ 27. Kg2 Nxf5 28. Bxa8 Rg6+ 29. Bg5 Rxg5+ 30. Kh1 Be5 31. Rad1 Qb6 32. Nc3 Nd6 33. f4 Bxf4 34. Ne4 Nxe4 35. Rxe4 g6 36. Rxf4 Qb8 0-1

[Event "Ptuj op 10"]
[Site "Ptuj"]
[Date "2015.10.30"]
[Round "8"]
[White "Zajdela, Karel"]
[Black "Murko, David"]
[Result "1-0"]
[WhiteElo "1827"]
[BlackElo "2275"]
[PlyCount "54"]
[EventDate "2015.10.24"]
[EventType "swiss"]
[EventRounds "9"]
[EventCountry "SLO"]
[SourceTitle "CBM 169 Extra"]
[Source "ChessBase"]
[SourceDate "2015.12.18"]
[SourceVersion "1"]
[SourceVersionDate "2015.12.18"]
[SourceQuality "1"]

1. e4 d5 2. exd5 Nf6 3. Nc3 Nxd5 4. Nxd5 Qxd5 5. Qf3 c6 6. Qxd5 cxd5 7. d4 Nc6 8. c3 Bf5 9. Nf3 a6 10. Bf4 e6 11. Ne5 Nxe5 12. Bxe5 f6 13. Bf4 Kd7 14. Kd2 Be7 15. f3 b5 16. a3 Rhc8 17. Be2 Kc6 18. Rae1 Bd6 19. Bxd6 Kxd6 20. f4 Rab8 21. Bd3 Bxd3 22. Kxd3 a5 23. b3 Rc7 24. Re3 Rbc8 25. Rc1 b4 26. axb4 axb4 27. c4 dxc4+ 1-0

[Event "Ptuj op 10"]
[Site "Ptuj"]
[Date "2015.10.28"]
[Round "6"]
[White "Zajdela, Karel"]
[Black "Janzekovic, Klemen Tilen"]
[Result "0-1"]
[WhiteElo "1827"]
[BlackElo "1933"]
[PlyCount "94"]
[EventDate "2015.10.24"]
[EventType "swiss"]
[EventRounds "9"]
[EventCountry "SLO"]
[SourceTitle "CBM 169 Extra"]
[Source "ChessBase"]
[SourceDate "2015.12.18"]
[SourceVersion "1"]
[SourceVersionDate "2015.12.18"]
[SourceQuality "1"]

1. e4 c5 2. Nf3 Nc6 3. g3 g6 4. Bg2 Bg7 5. 0-0 d6 6. h3 Rb8 7. a4 a6 8. Re1 e6 9. c3 Nge7 10. d3 0-0 11. Be3 b5 12. Re2 b4 13. d4 bxc3 14. bxc3 cxd4 15. cxd4 d5 16. Nc3 dxe4 17. Nxe4 Nd5 18. Rc1 Ncb4 19. Bd2 a5 20. Nc5 Ba6 21. Nxa6 Nxa6 22. Ne5 Nab4 23. Rc5 Rc8 24. Rxc8 Qxc8 25. Qb3 Rd8 26. Qf3 Qc7 27. Re1 Qa7 28. Rc1 Rf8 29. Rc5 Bxe5 30. Rxd5 Nxd5 31. dxe5 Qd4 32. Bxa5 Ra8 33. Be1 Rxa4 34. Qe2 Ra1 35. Kh2 Qd1 36. Qxd1 Rxd1 37. Ba5 Kf8 38. Bxd5 exd5 39. Kg2 Ke7 40. f4 Rd3 41. Kf2 Ke6 42. Bd8 Kf5 43. Bg5 Ke4 44. h4 Rd2+ 45. Kf1 Kf3 46. Ke1 Rg2 47. h5 Rxg3 0-1